Some Impossible flags - Statistics

General Stats
  • This quiz has been taken 66 times
  • The average score is 7 of 16
Answer Stats
Picture Answer % Correct
Viqueque
70%
Brisbane
55%
Adjuntas
45%
Hanga Roa
45%
De Hoeve
40%
Seine et Marne
40%
Stanley
40%
Tauramena
40%
Uiramuta
40%
Azal Region
35%
Debrecen
35%
Erd
35%
Itoigawa
35%
Manabi
35%
Nineveh Governorate
35%
Oranjestad
35%
No matching quizzes found
Score Distribution
Percent of People with Each Score
Percentile by Number Answered
Your Score History
You have not taken this quiz